Vivir es facil con los ojos cerrados| Vokabeln - Statistiken

Allgemein
  • Dieses Quiz wurde 2 mal gespielt
  • Das Durchschnittsergebnis liegt bei 20 aus 80
Antwortstatistiken
Deutsch Span % Korrekt
Angemessen Adecuado/a
100%
gewagt atrevido/a
100%
behindert discapacitado/a
100%
der Erfolg el éxito
100%
Verzweifelt sein estar desesperado/a
100%
Disillusioniert sein Estar desilusionado/a
100%
überrascht sein estar sorprendido/a
100%
die Gastronomie la gastronomía
100%
die Wunde La herida
100%
zurückgeblieben retrasado/a
100%
jemanden beruhigen calmar a alguien
50%
sich entwickeln desarrollarse
50%
sich ausruhen descansar
50%
die Sprechblase el bocadillo
50%
Der Anbau von Erdbeeren El cultivo de fresas
50%
Die Unordnung El desorden
50%
die Schwangerschaft el embarazo
50%
Das Gewächshaus El invernadero
50%
Das Hindernis El obstáculo
50%
die Landschaft el paisaje
50%
in etwas insistieren insistir en algo
50%
Die Würde La dignidad
50%
das interview la entrevista
50%
Die fehlende Ausbildung La falta de formación
50%
die Nonne la monja
50%
die Welle la ola
50%
Etwas vorschlagen Proponer algo
50%
Einen Traum realisieren Realizar un sueño
50%
Leiden Sufrir
50%
Ein unrealer Traum Un sueño irreal
50%
Jemanden streicheln Acariciar a alguien
0%
Jemanden begleiten Acompañar a alguien
0%
jemanden bedrücken agobiar a alguien
0%
aus dem Auto steigen bajarse del coche
0%
etwas erreichen conseguir algo
0%
schlagen dar pelos a alguien
0%
sich verabschieden despedirse
0%
Etwas zerstören Destrozar algo
0%
Die Taufe el bautizo
0%
das angenehme Klima el clima agradable
0%
der Priester el cura
0%
Arschloch el gilipollas
0%
Das Waschbecken El lavabo
0%
Der Drehort El lugar de rodaje
0%
Das bettelnde Kind El niño mendigo
0%
Wiederspiegelung el reflejo
0%
etwas leid haben estar harto de algo
0%
Nachdenklich sein estar pensativo
0%
unvorsichtig inprudente
0%
Versuchen, sich zu nähern Intentar acercarse
0%
Die Suche La búsqueda
0%
die Hauswirtin la casera
0%
Das Tonband La cinta
0%
der Stierkampf la corrida de toros
0%
der Ruhm la gloria
0%
die Werbung la publicidad
0%
ländliche Gegend la región campesina
0%
der Rollstuhl la sills de ruedas
0%
Die dreckigen Hände Las manos sucias
0%
Etwas erreicht haben Lograr algo
0%
Die Nachrichten Los mensajes
0%
Früh aufstehen Madrugar
0%
führen, den Ton angeben mandar
0%
sich mit jemandem anlegen meterse con alguien
0%
etwas anbieten ofrecer algo
0%
Etwas ablehnen rechazar algo
0%
Aufgeben rendirse
0%
Jemanden zurückhalten Retener a alguien
0%
Sich zurückziehen Retirarse
0%
Sich mit jemandem treffen Reunirse con alguien?
0%
man sucht/ es wird gesucht se precisa
0%
pfeifen silbar
0%
Trotzdem Sin embargo
0%
Etwas gemeinsam haben Tener algo en común
0%
Wichtigkeit haben tener importancia
0%
den schwachen Punkt treffen tocar punto débil
0%
Die Initiative übernehmen Tomar la iniciativa
0%
Jemanden niederschlagen Tumbar a alguien
0%
Eine alleinstehende Mutter Una madre soltera
0%
Eine minderwertige Person Una persona inferior
0%
Keine übereinstimmenden Quizze gefunden
Verteilung der Resultate
Anzahl Personen mit jedem Resultat
Perzentil nach korrekt beantworteten Fragen
Ihre Resultats-Entwicklung
Sie haben dieses Quiz noch nicht gespielt